|
|
|
|
| LEADER |
01177nam a22002297a 4500 |
| 008 |
140724b xxu||||| |||| 00| 0 eng d |
| 999 |
|
|
|c 7381
|d 7381
|
| 082 |
|
|
|a 928.9413
|b MAD/PAD
|
| 100 |
|
|
|a പത്മകുമാര്, മുഞിനാട്
|
| 240 |
|
|
|a Madhavikutty- orma patanam abhimugam
|
| 245 |
|
|
|a മാധവിക്കുട്ടി :
|b ഓര്മ്മ പഠനം അഭിമുഖം /
|c മുഞിനാട് പത്മകുമാര്
|
| 250 |
|
|
|a 1st ed.
|
| 260 |
|
|
|a കോട്ടയം :
|b അസെന്ഡ് പബ്ലിക്കേഷന്സ്,
|c 2012.
|
| 300 |
|
|
|a 92p.
|
| 600 |
|
|
|a Madhavikutty
|
| 650 |
|
|
|a Biography
|
| 650 |
|
|
|a Study
|
| 650 |
|
|
|a Memoirs
|
| 700 |
|
|
|a Padmakumar, Munjinadu
|
| 942 |
|
|
|2 ddc
|c BK
|
| 952 |
|
|
|0 0
|1 0
|2 ddc
|4 0
|6 928_941300000000000_MADPAD
|7 0
|9 10436
|a MAIN
|b MAIN
|d 2014-07-24
|e Ascend Publications, Kottayam
|g 70.00
|l 2
|o 928.9413 MAD/PAD
|p 10399
|r 2016-06-28
|s 2016-06-16
|t 1
|w 2014-07-24
|y BK
|
| 952 |
|
|
|0 0
|1 0
|2 ddc
|4 0
|6 928_941300000000000_MADPAD
|7 0
|9 10584
|a MAIN
|b MAIN
|d 2014-08-07
|e Ascend Publications, Kottayam
|g 70.00
|l 1
|o 928.9413 MAD/PAD
|p 10817
|r 2015-02-19
|s 2015-02-12
|t 2
|w 2014-08-07
|y BK
|